000 00923cam a2200301 4500
008 031028n2003 000 0 eng u
020 _a0406967431
035 _a(Sirsi) u124081
041 _aeng
050 _a346.41043
_c18
100 _aRiddall, John
245 _aLand law
250 _a7th ed.
260 _aLondon
_bLexisNexis Butterworths
_c2003
300 _alxx, 615p.
_c24cm
350 _a19.95
520 _aNew edition covering changes brought about following new legislation, such as the Land Registration Act 2002 and the Commonhold and Leasehold Reform Act 2002. Also includes new case law.
650 _aLAND LAW
650 _aPROPERTY LAW
650 _aSURVEYING
650 _aESTATE MANAGEMENT
650 _aLAND AGENCY
650 _aLAND TENURE
650 _aLAND REGISTRATION ACT 2002
650 _aCOMMONHOLD AND LEASEHOLD REFORM ACT 2002
690 _aPROPERTY
942 _n0
999 _c103134
_d103134